[Event "Pardubice rapid op 34th"]
[Site "Pardubice"]
[Date "2023.07.19"]
[Round "3"]
[White "Ibrahim, Emad Eldin"]
[Black "Setina, Vaclav"]
[Result "0-1"]
[WhiteElo "2030"]
[BlackElo "1997"]
[PlyCount "56"]
[EventDate "2023.07.19"]
[EventType "swiss (rapid)"]
[EventRounds "9"]
[EventCountry "CZE"]
[SourceTitle "CBM 215 Extra"]
[Source "ChessBase"]
[SourceDate "2023.09.30"]
[SourceVersion "1"]
[SourceVersionDate "2023.09.30"]
[SourceQuality "1"]

1. e4 c5 2. Nc3 Nc6 3. f4 g6 4. Nf3 Bg7 5. Bb5 Nd4 6. 0-0 Nxb5 7. Nxb5 b6 8. d3 Bb7 9. Qe1 d5 10. f5 dxe4 11. dxe4 Qd7 12. fxg6 hxg6 13. a4 a6 14. Nc3 Bd4+ 15. Be3 Qc7 16. Bxd4 cxd4 17. Nd5 Bxd5 18. exd5 Rd8 19. h4 Nf6 20. Ng5 Rxd5 21. Rxf6 Re5 22. Qf2 exf6 23. Qxf6 Rxh4 24. Nf3 Rhh5 25. Nxe5 Qxe5 26. Qc6+ Kf8 27. Qc8+ Kg7 28. Qg4 Qe3+ 0-1

[Event "Pardubice rapid op 33rd"]
[Site "Pardubice"]
[Date "2022.07.21"]
[Round "5"]
[White "Juchelka, Marek"]
[Black "Ibrahim, Emad Eldin"]
[Result "0-1"]
[WhiteElo "1803"]
[BlackElo "2028"]
[PlyCount "130"]
[EventDate "2022.07.20"]
[EventType "swiss (rapid)"]
[EventRounds "9"]
[EventCountry "CZE"]
[SourceTitle "CBM 209 Extra"]
[Source "ChessBase"]
[SourceDate "2022.09.30"]
[SourceVersion "1"]
[SourceVersionDate "2022.09.30"]
[SourceQuality "1"]

1. e4 c5 2. Nf3 g6 3. c3 Bg7 4. d4 cxd4 5. cxd4 d5 6. e5 Bg4 7. Be2 Nc6 8. Nc3 Nh6 9. h3 Bxf3 10. Bxf3 Nf5 11. Bxd5 Nfxd4 12. f4 Qb6 13. Bxc6+ bxc6 14. Na4 Qb4+ 15. Bd2 Qb5 16. Rb1 Rd8 17. Nc3 Qd3 18. Rc1 0-0 19. Ne2 Nxe2 20. Qxe2 Qg3+ 21. Kf1 Rd3 22. h4 Rd4 23. Rc3 Rxf4+ 24. Bxf4 Qxf4+ 25. Kg1 Bxe5 26. g3 Qd4+ 27. Re3 Bxg3 28. Kg2 Bd6 29. h5 Rb8 30. b3 Rb5 31. Rhh3 Rg5+ 32. Kh1 Qd5+ 33. Qf3 Qd2 34. Qe2 Qc1+ 35. Qe1 Qc2 36. Qe2 Qb1+ 37. Qe1 Qxa2 38. Re2 Qa6 39. hxg6 hxg6 40. Rg2 Rxg2 41. Kxg2 Qa2+ 42. Qf2 Qxf2+ 43. Kxf2 f5 44. Kf3 Kg7 45. Rh1 Kf6 46. Ra1 Bc5 47. Ra6 Bb6 48. Ra2 g5 49. Rc2 g4+ 50. Kg3 c5 51. Rd2 Kg5 52. Rd7 f4+ 53. Kf2 c4+ 54. Kg2 cxb3 55. Rd5+ Kf6 56. Rb5 e5 57. Rxb3 Kf5 58. Rb5 f3+ 59. Kg3 f2 60. Kg2 Kf4 61. Rd5 e4 62. Rd7 Ke3 63. Re7 g3 64. Re6 Kd3 65. Rd6+ Bd4 0-1

[Event "Pardubice rapid op 33rd"]
[Site "Pardubice"]
[Date "2022.07.20"]
[Round "2"]
[White "Ibrahim, Emad Eldin"]
[Black "Savitha Shri, B."]
[Result "0-1"]
[WhiteElo "2028"]
[BlackElo "2278"]
[PlyCount "130"]
[EventDate "2022.07.20"]
[EventType "swiss (rapid)"]
[EventRounds "9"]
[EventCountry "CZE"]
[SourceTitle "CBM 209 Extra"]
[Source "ChessBase"]
[SourceDate "2022.09.30"]
[SourceVersion "1"]
[SourceVersionDate "2022.09.30"]
[SourceQuality "1"]

1. e4 c5 2. Nc3 Nc6 3. f4 d6 4. Nf3 g6 5. Bb5 Bg7 6. Bxc6+ bxc6 7. d3 e6 8. 0-0 Ne7 9. Qe1 Ba6 10. b3 Rb8 11. Bd2 0-0 12. Rd1 Qc8 13. e5 d5 14. Na4 c4 15. dxc4 dxc4 16. Bb4 Re8 17. Rf2 Nd5 18. Bd6 Ra8 19. Ng5 Rd8 20. Nc5 cxb3 21. axb3 Bb7 22. c4 Nc7 23. Rfd2 Na6 24. Nge4 Re8 25. Qh4 h6 26. Nxa6 Bxa6 27. Bc5 Qb7 28. Rd7 Qxb3 29. Nf6+ Kh8 30. Nxe8 Rxe8 31. Be7 Kg8 32. Bf6 Bf8 33. Qg4 Bxc4 34. h4 h5 35. Qg5 Bd5 36. Rf1 a5 37. Bd8 Qc2 38. Bxa5 Qc5+ 39. Kh2 Be7 40. Bb6 Qb4 41. Rxe7 Qxe7 42. Qxe7 Rxe7 43. Bc5 Rb7 44. Ra1 Rb2 45. Ra8+ Kh7 46. Be7 Rxg2+ 47. Kh3 g5 48. fxg5 Rf2 49. Bf6 Kg6 50. Rh8 c5 51. Rh6+ Kf5 52. Rxh5 Kf4 53. g6 Bg2+ 54. Kh2 Bf3+ 55. Kg1 Rg2+ 56. Kf1 Rxg6 57. Rh8 c4 58. Rc8 Bd5 59. h5 Rh6 60. Rc7 Rxh5 61. Rxf7 Ke3 62. Rg7 c3 63. Rg3+ Bf3 64. Bg5+ Rxg5 65. Rxg5 c2 0-1

[Event "Pardubice rapid op 33rd"]
[Site "Pardubice"]
[Date "2022.07.20"]
[Round "3"]
[White "Maklakova, Naomi"]
[Black "Ibrahim, Emad Eldin"]
[Result "1/2-1/2"]
[WhiteElo "1548"]
[BlackElo "2028"]
[PlyCount "137"]
[EventDate "2022.07.20"]
[EventType "swiss (rapid)"]
[EventRounds "9"]
[EventCountry "CZE"]
[SourceTitle "CBM 209 Extra"]
[Source "ChessBase"]
[SourceDate "2022.09.30"]
[SourceVersion "1"]
[SourceVersionDate "2022.09.30"]
[SourceQuality "1"]

1. d4 Nf6 2. Nf3 c5 3. d5 b5 4. c4 b4 5. Nbd2 g6 6. e4 d6 7. Bd3 Bg7 8. 0-0 0-0 9. Re1 e5 10. dxe6 Bxe6 11. e5 dxe5 12. Nxe5 Nc6 13. Nxc6 Qxd3 14. Ne5 Qd6 15. Nb3 Qxd1 16. Rxd1 Ne4 17. Nd3 Rfd8 18. Be3 Bxc4 19. Ndxc5 Nxc5 20. Bxc5 Bxb2 21. Rab1 Bxb3 22. axb3 a5 23. g3 Bc3 24. Rxd8+ Rxd8 25. Bb6 Ra8 26. Bc5 f5 27. Kg2 Kf7 28. Kf3 Ke6 29. Rd1 Ra6 30. Ke3 Rc6 31. Bf8 Bf6 32. Rd3 Be5 33. Bh6 Rc2 34. Bg5 Bd6 35. Rd2 Rc3+ 36. Rd3 Bc5+ 37. Ke2 Rxd3 38. Kxd3 Bxf2 39. Bd8 Bg1 40. h3 Bh2 41. g4 Kd5 42. Bxa5 Bd6 43. Bb6 f4 44. Bf2 Be5 45. Be1 Bc3 46. Bxc3 bxc3 47. Kxc3 g5 48. b4 h6 49. Kd3 Kd6 50. Kd4 Kc6 51. Kc4 Kb6 52. Kd4 Kb5 53. Kc3 Kb6 54. Kd4 Kb7 55. Kd3 Ka7 56. Kc3 Kb6 57. Kd4 Kb5 58. Kc3 Ka4 59. Kc4 f3 60. Kd3 Kxb4 61. Ke3 Kc3 62. Kxf3 Kd3 63. Kf2 Kd2 64. Kf3 Ke1 65. Ke3 Kf1 66. Kf3 Kg1 67. Kg3 Kh1 68. h4 Kg1 69. h5 1/2-1/2

[Event "Pardubice op rapid 30th"]
[Site "Pardubice"]
[Date "2019.07.18"]
[Round "4"]
[White "Ibrahim, Emad Eldin"]
[Black "Jun, Rudolf Jr"]
[Result "1-0"]
[WhiteElo "2042"]
[BlackElo "2200"]
[PlyCount "100"]
[EventDate "2019.07.17"]
[EventType "swiss (rapid)"]
[EventRounds "9"]
[EventCountry "CZE"]
[SourceTitle "CBM 191 Extra"]
[Source "ChessBase"]
[SourceDate "2019.09.30"]
[SourceVersion "1"]
[SourceVersionDate "2019.09.30"]
[SourceQuality "1"]

1. e4 c5 2. Nf3 Nc6 3. c3 d5 4. exd5 Qxd5 5. d4 cxd4 6. cxd4 e5 7. Nc3 Bb4 8. Bd2 Bxc3 9. Bxc3 e4 10. Ne5 Nxe5 11. dxe5 Qxd1+ 12. Rxd1 a6 13. Be2 Be6 14. Rd4 Bf5 15. g4 Bg6 16. h4 h6 17. h5 Bh7 18. Rb4 b5 19. a4 bxa4 20. Rxa4 Rb8 21. Rxa6 e3 22. fxe3 Be4 23. Rf1 Ne7 24. Ra7 Bd5 25. e4 Be6 26. Kf2 Nc6 27. Ra6 Ne7 28. Kg3 0-0 29. Rd1 Rfc8 30. Rdd6 Rb3 31. Rdb6 Rxb6 32. Rxb6 Nc6 33. Ba6 Rc7 34. Bb5 Na7 35. Rb8+ Kh7 36. Ba4 Nc8 37. Kf4 Ne7 38. Bb3 g5+ 39. hxg6+ Nxg6+ 40. Kf3 Bc8 41. Bd5 Ba6 42. Rb6 Bd3 43. Ke3 Bc2 44. Rc6 Re7 45. Bb4 Rb7 46. Bc3 Re7 47. Rf6 Kg7 48. e6 fxe6 49. Rxe6+ Kf7 50. Rc6+ Ke8 1-0

[Event "Pardubice op rapid 30th"]
[Site "Pardubice"]
[Date "2019.07.17"]
[Round "3"]
[White "Frolov, Artur"]
[Black "Ibrahim, Emad Eldin"]
[Result "1-0"]
[WhiteElo "2453"]
[BlackElo "2042"]
[PlyCount "98"]
[EventDate "2019.07.17"]
[EventType "swiss (rapid)"]
[EventRounds "9"]
[EventCountry "CZE"]
[SourceTitle "CBM 191 Extra"]
[Source "ChessBase"]
[SourceDate "2019.09.30"]
[SourceVersion "1"]
[SourceVersionDate "2019.09.30"]
[SourceQuality "1"]

1. e4 c5 2. Nf3 g6 3. d4 cxd4 4. Nxd4 Nc6 5. c4 Nf6 6. Nc3 Nxd4 7. Qxd4 d6 8. Be3 Bg7 9. Be2 0-0 10. Qd2 a5 11. f3 a4 12. Rc1 Qa5 13. Rc2 Bd7 14. Nd5 Qxd2+ 15. Kxd2 Nxd5 16. cxd5 Rfc8 17. Rhc1 Rxc2+ 18. Rxc2 Rc8 19. Rxc8+ Bxc8 20. Kc2 Bd7 21. Bd2 Bd4 22. Bc3 Bg1 23. h3 h5 24. a3 Kf8 25. Kd3 Bb5+ 26. Kd2 Bd7 27. Bd3 Ke8 28. f4 e6 29. dxe6 Bxe6 30. Bb5+ Bd7 31. Bc4 Bc6 32. Bd5 f5 33. Bxc6+ bxc6 34. Kd3 Kd7 35. Bd4 Bxd4 36. Kxd4 c5+ 37. Kd5 fxe4 38. Kxe4 Ke6 39. g4 hxg4 40. hxg4 d5+ 41. Kd3 Kd6 42. Kc3 Ke6 43. b4 axb3 44. Kxb3 d4 45. Kc4 g5 46. f5+ Ke5 47. a4 Ke4 48. a5 d3 49. a6 d2 1-0

[Event "Pardubice op rapid 30th"]
[Site "Pardubice"]
[Date "2019.07.17"]
[Round "2"]
[White "Ibrahim, Emad Eldin"]
[Black "Effenberger, Adam"]
[Result "1-0"]
[WhiteElo "2042"]
[BlackElo "1797"]
[PlyCount "42"]
[EventDate "2019.07.17"]
[EventType "swiss (rapid)"]
[EventRounds "9"]
[EventCountry "CZE"]
[SourceTitle "CBM 191 Extra"]
[Source "ChessBase"]
[SourceDate "2019.09.30"]
[SourceVersion "1"]
[SourceVersionDate "2019.09.30"]
[SourceQuality "1"]

1. e4 c5 2. Nf3 e6 3. c3 Nf6 4. e5 Nd5 5. d4 cxd4 6. cxd4 d6 7. Bc4 Be7 8. 0-0 dxe5 9. dxe5 0-0 10. Qe2 Nb6 11. Bd3 Nc6 12. Nc3 Nd4 13. Nxd4 Qxd4 14. Rd1 Qh4 15. g3 Qh3 16. Be4 Rd8 17. Rxd8+ Bxd8 18. Bg2 Qf5 19. g4 Qg6 20. Be4 f5 21. exf6 Qf7 1-0

[Event "Cairo Egyptian op"]
[Site "Cairo"]
[Date "2016.04.24"]
[Round "4"]
[White "Ibrahim, Emad Eldin"]
[Black "Kamel, Nabil"]
[Result "0-1"]
[WhiteElo "1922"]
[BlackElo "2085"]
[PlyCount "102"]
[EventDate "2016.04.22"]
[EventType "swiss"]
[EventRounds "9"]
[EventCountry "EGY"]
[SourceTitle "CBM 172 Extra"]
[Source "ChessBase"]
[SourceDate "2016.06.21"]
[SourceVersion "1"]
[SourceVersionDate "2016.06.21"]
[SourceQuality "1"]

1. e4 b6 2. d4 Bb7 3. Bd3 Nf6 4. Qe2 e6 5. Nf3 a6 6. 0-0 c5 7. c3 d5 8. e5 Nfd7 9. a4 Nc6 10. Na3 h6 11. Nb1 Qc7 12. Bd2 g6 13. h4 c4 14. Bc2 Be7 15. Be3 0-0-0 16. Qd2 g5 17. h5 f5 18. g3 Rdg8 19. Qe2 f4 20. Bd2 g4 21. Nh2 f3 22. Qd1 Bg5 23. Bg6 Ncxe5 24. dxe5 Nxe5 25. Bc2 Qf7 26. Re1 Bf6 27. Rxe5 Bxe5 28. Bg6 Rxg6 29. hxg6 Qxg6 30. Qe1 Bc7 31. Bf4 e5 32. Be3 h5 33. Nd2 Re8 34. Qb1 Qf6 35. Qh7 Rh8 36. Bg5 Qf8 37. Qe7 Qxe7 38. Bxe7 Re8 39. Bg5 Bc6 40. Nhf1 Kb7 41. Ne3 b5 42. axb5 axb5 43. Nc2 Bb6 44. Ne3 d4 45. Nf5 Re6 46. Re1 d3 47. Bf4 Bc7 48. Ng7 Rg6 49. Bxe5 Bxe5 50. Rxe5 Rxg7 51. Rxh5 Re7 0-1

[Event "Cairo Egyptian op"]
[Site "Cairo"]
[Date "2016.04.23"]
[Round "2"]
[White "Ibrahim, Emad Eldin"]
[Black "Lowis, Magdy"]
[Result "1-0"]
[WhiteElo "1922"]
[BlackElo "2154"]
[PlyCount "119"]
[EventDate "2016.04.22"]
[EventType "swiss"]
[EventRounds "9"]
[EventCountry "EGY"]
[SourceTitle "CBM 172 Extra"]
[Source "ChessBase"]
[SourceDate "2016.06.21"]
[SourceVersion "1"]
[SourceVersionDate "2016.06.21"]
[SourceQuality "1"]

1. e4 e5 2. Nf3 Nc6 3. Bc4 Bc5 4. c3 Qe7 5. d4 Bb6 6. Bg5 Nf6 7. d5 Nb8 8. d6 cxd6 9. Nh4 Bxf2+ 10. Kf1 Bxh4 11. Bxh4 h6 12. Qd3 g5 13. Bf2 b6 14. Bd5 Ba6 15. c4 Nc6 16. a3 Rc8 17. Nd2 Nd8 18. g3 Ne6 19. b4 Nc7 20. b5 Ncxd5 21. cxd5 Bb7 22. Nc4 Ng4 23. h3 Nxf2 24. Kxf2 Rc5 25. Ne3 0-0 26. Nf5 Qf6 27. Rac1 Rfc8 28. Rxc5 Rxc5 29. g4 h5 30. Rd1 Kf8 31. Rd2 hxg4 32. hxg4 Qh8 33. Kg2 Qf6 34. Rf2 Ke8 35. a4 Kd8 36. Ra2 Kc7 37. Qd2 a5 38. Ra3 Qd8 39. Rh3 Kb8 40. Rf3 Qc7 41. Qxg5 Rc2+ 42. Kh3 Qc5 43. Qg8+ Ka7 44. Qxf7 Qg1 45. Kh4 Qh1+ 46. Rh3 Qxe4 47. Qxd7 Qe1+ 48. Kh5 Rc8 49. Qg7 Qb4 50. Ne7 Qc4 51. Nxc8+ Qxc8 52. Rf3 Qc5 53. Qf7 e4 54. Rf4 e3 55. Re4 Kb8 56. Re8+ Bc8 57. Qe6 e2 58. Qxe2 Qxd5+ 59. Kh6 Kb7 60. Qe7+ 1-0